[Event "19th Prague Open-A 2020"]
[Site "Prague"]
[Date "2020.01.13"]
[Round "5.14"]
[White "Koubova, Anna Marie"]
[Black "Czerw, Dawid"]
[Result "1/2-1/2"]
[WhiteElo "1930"]
[BlackElo "2262"]
[Annotator "RC"]
[PlyCount "60"]
[EventDate "2020.01.10"]
[EventType "swiss"]
[EventCountry "CZE"]
[SourceTitle "playchess.com"]
[Source "ChessBase"]
[SourceQuality "1"]
[TimeControl "40/5400+30:1800+30"]

1. d4 {[%emt 0:00:00]} Nf6 {[%emt 0:00:07]} 2. c4 {[%emt 0:00:00]} e6 {[%emt 0:00:03]} 3. Nf3 {[%emt 0:00:00]} d5 {[%emt 0:00:07]} 4. Nc3 {[%emt 0:00:24]} c6 {[%emt 0:00:05]} 5. cxd5 {[%emt 0:00:09]} exd5 {[%emt 0:00:05]} 6. Bg5 {[%emt 0:00:09]} Nbd7 {[%emt 0:00:04]} 7. e3 {[%emt 0:00:16]} Qa5 {[%emt 0:00:16]} 8. Nd2 {[%emt 0:08:49]} Bb4 {[%emt 0:01:41]} 9. Qc2 {[%emt 0:01:07]} O-O {[%emt 0:01:34]} 10. Bd3 {[%emt 0:01:03]} Ne4 {[%emt 0:10:47]} 11. Bxe4 {[%emt 0:14:55]} dxe4 {[%emt 0:03:08]} 12. Bf4 {[%emt 0:00:11]} Nf6 {[%emt 0:21:32]} 13. O-O {[%emt 0:05:07]} Bxc3 {[%emt 0:11:39]} 14. bxc3 {[%emt 0:05:09]} Nd5 {[%emt 0:06:28]} 15. Nxe4 {[%emt 0:24:38]} f5 {[%emt 0:06:12]} 16. Nd6 {[%emt 0:01:35]} Qxc3 {[%emt 0:01:34]} 17. Qxc3 {[%emt 0:02:11]} Nxc3 {[%emt 0:00:03]} 18. Be5 {[%emt 0:01:14]} b6 {[%emt 0:02:11]} 19. f3 {[%emt 0:04:05]} Be6 {[%emt 0:02:44]} 20. Rf2 {[%emt 0:00:16]} Nd5 {[%emt 0:02:21]} 21. Re2 {[%emt 0:03:33]} Ne7 {[%emt 0:02:20]} 22. Rc1 {[%emt 0:01:24]} Rfd8 {[%emt 0:01:55]} 23. e4 {[%emt 0:01:59]} fxe4 {[%emt 0:01:32]} 24. fxe4 {[%emt 0:00:10]} Rd7 {[%emt 0:00:47]} 25. Rf2 {[%emt 0:11:25]} Rad8 {[%emt 0:04:52]} 26. Nf5 {[%emt 0:01:45]} Bxf5 {[%emt 0:04:45]} 27. exf5 {[%emt 0:00:07]} c5 {[%emt 0:02:00]} 28. dxc5 {[%emt 0:03:32]} Rd1+ {[%emt 0:04:17]} 29. Rf1 {[%emt 0:00:11]} Rxc1 {[%emt 0:02:42]} 30. Rxc1 {[%emt 0:00:06]} Rd5 {[%emt 0:00:05]} 1/2-1/2

[Event "19th Prague Open-A 2020"]
[Site "Prague"]
[Date "2020.01.13"]
[Round "5.15"]
[White "Smolik, Jachym"]
[Black "Kozak, Antoni"]
[Result "0-1"]
[WhiteElo "2025"]
[BlackElo "2380"]
[Annotator "TA"]
[PlyCount "66"]
[EventDate "2020.01.10"]
[EventType "swiss"]
[EventCountry "CZE"]
[SourceTitle "playchess.com"]
[Source "ChessBase"]
[SourceQuality "1"]

{[%evp 9,66,-17,-31,-15,-10,-29,-29,-61,-68,-40,-41,-68,-57,-67,-51,-54,-62,-143,-73,-82,-26,-88,-85,-112,-90,-125,-110,-136,-98,-143,-146,-202,-200,-235,-250,-229,-240,-241,-244,-226,-230,-267,-259,-313,-285,-360,-314,-431,-295,-516,-532,-572,-567,-607,-392,-783,-782,-1444,-1434]} 1. d4 Nf6 2. Nf3 c5 3. d5 b5 4. Bg5 Qb6 5. Nbd2 (5. Bxf6 Qxf6 6. c3 Qb6 7. e4 g6 8. a4 b4 9. Nbd2 Bg7 10. a5 Qb7 11. Qc2 O-O 12. Bc4 d6 13. O-O Nd7 14. Rfe1 {0-1 (99) Gelfand,B (2695)-Svidler,P (2760) Moscow 2018}) 5... Nxd5 6. e4 {A43: Schmid Benoni} Nc7 7. Be2 g6 $146 ({Predecessor:} 7... Bb7 8. O-O g6 9. c4 b4 10. a3 Nc6 11. Qc2 Bg7 12. Rab1 Ne6 {0-1 (56) Arias Castanedo,J (2044)-Anguix Garrido,J (2404) Valencia 1999}) 8. O-O {Black has an edge.} Bg7 9. c3 Nc6 10. h4 Ne6 11. Be3 a6 12. Nh2 d6 13. Qc2 {[#]} (13. a4 $15) 13... Bb7 (13... Ncd4 $142 $1 {[%cal Rd4c2][%mdl 512]} 14. Qd1 (14. cxd4 $2 cxd4 15. Bg5 h6 $17) 14... Nxe2+ 15. Qxe2 b4) 14. Bg4 Nf8 (14... Ne5 $17 15. Be2 h5) 15. f4 (15. h5 $11 {remains equal.}) 15... Qc7 $17 16. Bh3 Nd7 17. Rac1 Nf6 18. Rf2 e6 19. Nhf3 Ne7 20. g4 (20. Re1 $17) 20... h5 $19 21. g5 Ng4 22. Re2 d5 {And now ...dxe4 would win.} 23. e5 Nf5 24. Bf2 Bf8 25. b3 Be7 26. Qb1 Kf8 27. Be1 Kg7 28. Nh2 Rad8 29. Bxg4 $2 (29. Nxg4 {might work better.} hxg4 30. Bxg4) 29... hxg4 30. Nxg4 d4 31. Rh2 Qc6 {Threatens to win with ...dxc3.} 32. c4 $2 {[#]} (32. Nf6) 32... Nxh4 $1 {[%mdl 512] aiming for ...Nf3+.} 33. Bxh4 {[#]} Rxh4 $1 {[%mdl 512] Accuracy: White = 10%, Black = 57%.} 0-1

[Event "19th Prague Open-A 2020"]
[Site "Prague"]
[Date "2020.01.13"]
[Round "5.16"]
[White "Laxman, R.R."]
[Black "Nahornyi, Ihor"]
[Result "1-0"]
[WhiteElo "2441"]
[BlackElo "2074"]
[Annotator "TA"]
[PlyCount "89"]
[EventDate "2020.01.10"]
[EventType "swiss"]
[EventCountry "CZE"]
[SourceTitle "playchess.com"]
[Source "ChessBase"]
[SourceQuality "1"]

{[%evp 15,89,8,9,0,17,19,15,16,25,21,35,25,36,33,43,44,50,45,59,35,85,90,146,52,40,52,49,0,0,5,56,56,75,70,30,35,50,20,30,17,10,19,729,728,729,729,708,708,686,650,677,670,654,631,574,356,562,558,1085,590,1141,463,1131,1046,779,732,786,777,802,753,1716,1652,1570,1408,1041,1030]} 1. d4 Nf6 2. Nf3 e6 3. c4 b6 4. a3 Bb7 5. Nc3 d5 6. cxd5 exd5 7. Bf4 Bd6 8. Bxd6 Qxd6 9. Rc1 {E12: Queen's Indian: Unusual White 4th moves, 4 a3, 4 Nc3 Bb7 5 a3 and 4 Nc3 Bb7} c6 (9... Qe7 10. g3 O-O 11. Bg2 Nbd7 12. O-O c5 13. e3 a6 14. Nd2 Rfd8 15. Re1 Rac8 16. e4 dxe4 17. Ncxe4 Nxe4 18. Nxe4 Bxe4 19. Bxe4 {1-0 (58) Fedoseev,V (2707)-Bu,X (2712) Danzhou 2018}) 10. e3 O-O 11. Bd3 {The position is equal.} Ba6 $146 ({Predecessor:} 11... Nbd7 12. O-O Rfe8 13. Re1 Re7 14. Ne2 {0-1 (44) Moraes,R (1865)-Fabbri,O (2095) Sao Paulo 2006}) 12. O-O Bxd3 13. Qxd3 Nbd7 14. Rc2 Rfe8 15. Rfc1 a5 16. Na4 {[%cal Bc3a4,Ba4c5,Bc5e4,Be4d6][%mdl 32]} Rec8 17. h3 h6 18. Ne5 {[%cal Re5c6]} b5 ({Black should play} 18... c5) 19. Nxd7 (19. Nxc6 $16 {aiming for Ne7+!} bxa4 20. Ne7+ $1 {[%mdl 576] Discovered Attack} Qxe7 21. Rxc8+ Rxc8 22. Rxc8+ Nf8 23. Qb5) 19... Nxd7 $14 20. Nc5 Nb6 21. e4 dxe4 $1 22. Nxe4 Qd7 ({Black should try} 22... Qg6 $11) 23. Qg3 Qxd4 24. Nd6 Rd8 25. Rxc6 {Hoping for Nf5.} Nc4 $1 {[%cal Rc4d6]} 26. Nxb5 Qxb2 {[%mdl 64] Double Attack} 27. R6xc4 {Black must now prevent Nd6.} Qxb5 28. Rg4 g6 $2 {[%mdl 8192] [#]} (28... Rd3 $11 29. Rxg7+ Kh8) 29. Rxg6+ $1 $18 {[%mdl 576] Demolition} fxg6 30. Qxg6+ {[%mdl 64] Double Attack} Kf8 31. Qf6+ Kg8 32. Rc7 {[%csl Gc7][%cal Rf6g7]} Qb1+ 33. Kh2 {[%csl Gc7][%cal Rf6g7]} Qh7 34. Rxh7 Kxh7 {[%mdl 4096] Endgame KQ-KRR} 35. Qf7+ Kh8 36. Qg6 {White is clearly winning.} Rf8 37. Qxh6+ Kg8 38. Qg6+ Kh8 {[#]} 39. f4 $1 Rae8 (39... Rxf4 40. Qh6+) 40. Qh5+ Kg8 41. Qxa5 Rf7 42. f5 Ref8 43. Qd5 Kg7 44. Qe5+ Kh7 45. g4 {Accuracy: White = 71%, Black = 47%.} 1-0

[Event "19th Prague Open-A 2020"]
[Site "Prague"]
[Date "2020.01.14"]
[Round "6.1"]
[White "Quesada Perez, Luis Ernesto"]
[Black "Stankovic, Milos"]
[Result "1-0"]
[WhiteElo "2491"]
[BlackElo "2466"]
[Annotator "TA"]
[PlyCount "59"]
[EventDate "2020.01.10"]
[EventType "swiss"]
[EventCountry "CZE"]
[SourceTitle "playchess.com"]
[Source "ChessBase"]
[SourceQuality "1"]

{[%evp 15,65,8,26,-6,23,8,29,29,36,49,43,40,50,41,52,49,71,64,97,98,92,96,106,94,107,93,97,97,100,104,100,97,97,72,114,112,235,231,302,308,303,290,949,451,1346,868,29973,5911,29973,29974,29997,29998]} 1. c4 g6 2. Nc3 Bg7 3. g3 Nc6 4. Bg2 d6 5. d3 e5 6. e4 Nge7 7. Nge2 O-O 8. O-O a6 9. b3 {A26: English Opening vs King's Indian with ...Nc6 and d3} (9. Nd5 h6 10. Bd2 f5 11. exf5 Bxf5 12. Be3 Qd7 13. Qd2 Kh7 14. Nxe7 Qxe7 15. Nc3 Rae8 16. Rab1 Qd7 {½-½ (111) Kokarev,D (2604)-Sengupta,D (2557) St Petersburg 2018}) 9... Rb8 10. Nd5 $146 ({Predecessor:} 10. Be3 Nd4 11. f3 c6 12. Qd2 b5 13. Rae1 b4 14. Nb1 Nxe2+ 15. Qxe2 c5 16. Rf2 Nc6 {½-½ (49) Kuech,H (2211)-Degenhardt,H (2335) Germany 2001}) 10... Nxd5 11. cxd5 {White has an edge.} Ne7 12. Be3 f5 13. Rc1 c6 14. dxc6 Nxc6 15. Qd2 Be6 16. d4 {Hoping for d5.} f4 17. gxf4 {Threatens to win with d5.} exd4 18. Nxd4 Nxd4 19. Bxd4 Bxd4 20. Qxd4 Rxf4 21. Rfd1 Qg5 {Strongly threatening ...Bh3.} 22. Qxd6 Re8 {aiming for ...Rg4.} 23. Qc5 Qh4 24. f3 Ref8 25. Qe5 Bh3 {[#]} (25... Re8 $16 26. Rd6 (26. Rc7 Rf7 $16) 26... Bf7) 26. Rc7 $1 $40 {[%csl Gc7][%cal Re5g7][%mdl 128] White attacks with force.} (26. Bxh3 Qxh3 27. Qd5+ (27. Rc7 Rg4+ 28. Qg3 Rxg3+ 29. hxg3 Qxg3+ {[%mdl 64] Double Attack} 30. Kh1 Qxf3+ {[%mdl 64] Double Attack} 31. Kh2 Qxd1 32. Rc3 Qd2+ 33. Kh3 Qxc3+ 34. Kg4 Qf3+ {[%mdl 64] Double Attack} 35. Kh4 h6 36. e5 g5#) 27... R8f7 $15) 26... R4f6 27. Bxh3 ({Resist} 27. Rxb7 Qh6 $18) 27... Qxh3 28. Rdd7 {Intending Rg7+ and mate.} ({Not} 28. Qe7 R6f7 $15) 28... Qh6 $2 (28... R6f7 29. Rxf7 {[%mdl 64] Overworked Piece} Rxf7 30. Qe8+ {[%mdl 64] Double Attack} Rf8) 29. Kg2 (29. Qd5+ $142 Kh8 30. Qd2 (30. Rxh7+ Qxh7 31. Rxh7+ Kxh7 $16)) 29... b5 (29... R6f7 $142 30. Rxb7 Qh4 31. Rxf7 Rxf7) 30. Qd5+ {Played: h2-h4} 1-0

[Event "19th Prague Open-A 2020"]
[Site "Prague"]
[Date "2020.01.14"]
[Round "6.2"]
[White "Cernousek, Lukas"]
[Black "Liu, Zhaoqi"]
[Result "0-1"]
[WhiteElo "2447"]
[BlackElo "2328"]
[Annotator "TA"]
[PlyCount "126"]
[EventDate "2020.01.10"]
[EventType "swiss"]
[EventCountry "CZE"]
[SourceTitle "playchess.com"]
[Source "ChessBase"]
[SourceQuality "1"]

{[%evp 19,146,51,58,31,52,45,39,45,46,48,58,57,56,61,71,62,64,46,62,68,107,87,77,79,89,76,75,76,84,85,109,84,98,83,72,68,132,54,54,54,77,54,61,61,54,54,54,54,54,54,54,54,64,54,77,77,77,54,54,54,54,54,55,0,0,0,0,0,0,0,0,0,0,0,0,0,0,0,0,0,0,0,0,0,0,0,0,-1627,-1525,-1265,-877,-6560,-6713,-807,-808,-6195,-4813,-29948,-29950,-29946,-4134,-29963,-29956,-29956,-29956,-29959,-4353,-29956,0,-29959,-29957,-29961,-29949,-6083,-1377,-29958,-29960,-29942,-575,-570,-555,-29976,-29966,-29966,-29967,-29960,-29959,-12380,-12380]} 1. Nf3 Nf6 2. c4 c5 3. Nc3 g6 4. e4 Bg7 5. d4 cxd4 6. Nxd4 O-O 7. Be3 Nc6 8. Be2 d6 9. O-O Nxd4 10. Bxd4 Bd7 11. Qd3 {B38: Sicilian: Maroczy Bind with 5...Bg7 and 7...0-0} a5 12. b3 Bc6 13. a3 {White is slightly better.} Nd7 14. Bxg7 Kxg7 15. b4 axb4 16. axb4 b6 {[#]} 17. Qd4+ $146 ({Predecessor:} 17. Nd5 Bxd5 18. cxd5 Rxa1 19. Rxa1 Qc7 20. Qd4+ Nf6 21. Bb5 e5 22. dxe6 fxe6 23. f3 {1-0 (32) Pelletier,Y (2621)-Wirthensohn,H (2404) Switzerland 2005}) 17... Kg8 18. f4 Qc7 19. Rad1 Rad8 20. Nd5 Bxd5 21. cxd5 Rc8 22. Ba6 Ra8 23. Rc1 Qa7 24. Bb5 Rfc8 25. Bc6 (25. Rc6 {with more complications.} Nf6 26. e5 Ne8 27. Qf2 Qd7 28. Qf3) 25... b5 26. Qxa7 Rxa7 27. Ra1 Rcc7 (27... Rxa1 $14 28. Rxa1 Nf6) 28. Ra5 (28. Bxb5 $16 {Bc6 is the strong threat.} Rab7 29. Bxd7 Rxd7 30. Rfb1) 28... Rxa5 $14 29. bxa5 {[%mdl 4096] Endgame KRB-KRN} Nc5 30. Rb1 Ra7 31. Rxb5 Kg7 $1 32. e5 Nd3 33. exd6 exd6 34. g3 Nc5 $1 35. Kf2 Kf6 36. Ke3 Re7+ 37. Kd2 Ra7 38. Kc3 h5 39. Kb4 Na6+ 40. Kc4 {Threatens to win with Rb7.} Nc5 41. h4 (41. Kc3 $14) 41... Ke7 $11 42. Rxc5 dxc5 {KR-KB} 43. Kb5 c4 {Hoping for ...c3.} 44. Kb6 c3 45. Ba4 {[#]} (45. Kxa7 $2 {perishes.} c2 $19) 45... Rd7 $1 {[%mdl 512] And now ...Rd8 would win.} 46. a6 (46. Bxd7 c2) 46... Rxd5 47. a7 Rd8 48. Kc7 Rh8 49. Bc2 Ke6 {aiming for ...Kd5.} 50. Kb7 Kd5 {Strongly threatening ...f5.} 51. f5 gxf5 52. Bxf5 Ke5 53. Bc8 $2 {[%mdl 8192]} (53. Bb1 $11) 53... c2 $19 54. a8=Q c1=Q {( -> ...Qh1+). KQR-KQB} 55. Qb8+ Kf6 56. Qd6+ Kg7 57. Qd4+ f6 58. Be6 Qb1+ 59. Kc6 Qc2+ (59... Rb8 $142 60. Qa7+ Kh6 61. Qe3+ Kg6 62. Bd7 Qb4 63. Qc5 Qb3 64. Bf5+ Kh6 65. Bd7 Qd3 66. Qc1+ Kg7 67. Qc5 Qf3+ 68. Kd6 Qxg3+ 69. Kd5 Qd3+ 70. Ke6 Qh3+ 71. Kd6 Qxh4 72. Qg1+ Qg5 73. Qd4 Rd8 $1 {[%mdl 512]} 74. Kc6 Qc1+ 75. Kb7 Qa3 76. Qg1+ Kf8 77. Kc6 Qa4+ 78. Kb6 Rxd7 79. Qc5+ Kg7 80. Qg1+ Kf8 81. Qc5+ Kg7 82. Qg1+ Kf8) 60. Kd6 Rd8+ 61. Bd7 Qe2 62. Kc7 Rf8 (62... Qe5+ $142 63. Qd6 Qa5+ 64. Kc6 Qa8+ 65. Kc5 Qa3+ 66. Kd5 Qd3+ 67. Kc6 Qa6+ 68. Kc5 Qa7+ 69. Kc6 Qa6+ 70. Kc7 Qa5+ 71. Kc6 Qa8+ 72. Kc5 Qa7+ 73. Kc6 Qa8+) 63. Kd6 Ra8 {Played: Rf8-d8} 0-1

[Event "19th Prague Open-A 2020"]
[Site "Prague"]
[Date "2020.01.14"]
[Round "6.3"]
[White "Budnikov, Oleg"]
[Black "Vokac, Marek"]
[Result "1/2-1/2"]
[WhiteElo "2432"]
[BlackElo "2334"]
[Annotator "TA"]
[PlyCount "76"]
[EventDate "2020.01.10"]
[EventType "swiss"]
[EventCountry "CZE"]
[SourceTitle "playchess.com"]
[Source "ChessBase"]
[SourceQuality "1"]

{[%evp 15,76,49,38,0,0,0,15,3,15,-21,-20,-22,-19,-24,-22,-33,-33,-199,-39,-33,0,0,0,-4,0,-83,0,-16,-10,0,0,-7,-4,-4,0,0,20,20,45,49,33,34,27,31,50,0,0,-51,-52,-52,-58,-52,-45,-60,-26,-56,-39,-39,-39,-85,-52,-108,-96]} 1. d4 Nf6 2. c4 g6 3. Nc3 Bg7 4. e4 d6 5. f3 O-O 6. Be3 a6 7. Qd2 Nbd7 8. Nh3 c6 9. c5 {E81: King's Indian: Sämisch: 6th move deviations (including 6 Be3 c6)} dxc5 $146 ({Predecessor:} 9... b6 10. cxd6 exd6 11. Be2 b5 12. O-O Nb6 13. Nf2 Re8 14. Bh6 Bh8 15. Bg5 b4 16. Ncd1 a5 {1-0 (41) Atalik,S (2599)-Brankovic,D (2349) Paracin 2012}) 10. dxc5 Ne5 {...Bxh3 is the strong threat.} 11. Nf2 {The position is equal.} Be6 12. Qxd8 Raxd8 13. Rc1 Nh5 14. b3 f5 $36 {[%mdl 2048] Black has some pressure.} 15. f4 Bh6 16. exf5 $2 (16. g3 $15) 16... gxf5 $2 ({Don't take} 16... Bxf5 17. g3 $15) (16... Nxf4 $19 17. fxe6 Nxg2+ {[%mdl 64] Discovered Attack} 18. Bxg2 Bxe3) 17. g3 $1 $15 Nf3+ 18. Ke2 Nd4+ 19. Bxd4 $1 Rxd4 20. Bh3 {[#]} (20. Bg2 $11 {remains equal.}) 20... Rfd8 (20... Bf7 $1 $17) 21. Rcd1 Bg7 22. Rxd4 Bxd4 23. Rd1 Kf7 24. Na4 Ke8 25. Nd3 Nf6 26. Ne1 {Hoping for Nf3.} Ne4 27. Nf3 Bf6 {aiming for ...Rxd1.} 28. Rxd8+ Kxd8 29. Ke3 Bd7 30. Nd4 {[#]} Nf2 $1 {[%cal Rf2h3][%mdl 512]} 31. Kxf2 (31. Nxc6+ $1 $11 Bxc6 32. Kxf2) 31... Bxd4+ $11 {[%mdl 4096] Endgame KBB-KBN} 32. Ke2 Be6 33. Bg2 Bf7 34. Bf3 Kc7 35. Kf1 e5 36. fxe5 Bxe5 37. Kg2 h6 38. Kf2 {[#]} ({Better is} 38. Kf1 $15) 38... Bd4+ $1 {Accuracy: White = 45%, Black = 45%.} 1/2-1/2

[Event "19th Prague Open-A 2020"]
[Site "Prague"]
[Date "2020.01.14"]
[Round "6.4"]
[White "Wang, Yukun"]
[Black "Low, Zhen Yu Cyrus"]
[Result "1/2-1/2"]
[WhiteElo "1990"]
[BlackElo "2415"]
[Annotator "TA"]
[PlyCount "97"]
[EventDate "2020.01.10"]
[EventType "swiss"]
[EventCountry "CZE"]
[SourceTitle "playchess.com"]
[Source "ChessBase"]
[SourceQuality "1"]

{[%evp 15,97,17,21,0,0,0,0,0,0,-22,0,-1,-3,0,-3,0,0,0,0,-63,-20,-35,-38,-48,-37,-35,-23,-71,-70,-73,-71,-64,-72,-59,-56,-68,-68,-61,-54,-54,-54,-90,-74,-79,-95,-91,-14,-18,0,0,0,0,0,0,0,0,0,0,0,0,0,0,0,0,0,0,0,0,0,0,0,0,0,0,0,0,0,0,0,0,0,0,0,0]} 1. e4 c5 2. Nf3 Nc6 3. d4 cxd4 4. Nxd4 Nf6 5. Nc3 d6 6. Bg5 e6 7. Be2 Be7 8. O-O O-O 9. a4 {B62: Sicilian: Richter-Rauzer: 6...e6: Unusual White 7th moves} h6 10. Be3 e5 11. Nb3 Nb4 $146 ({Predecessor:} 11... Be6 12. Bf3 Nb4 13. Qe2 Qc8 14. Rfd1 Rd8 15. Rac1 Bc4 16. Qd2 d5 17. exd5 Nfxd5 18. Nxd5 Nxd5 19. Bxd5 Bxd5 {0-1 (33) Predke,A (2530)-Kovalevskaya,E (2438) Moscow 2015}) 12. f4 exf4 13. Bxf4 d5 14. e5 Ne4 15. Nxe4 dxe4 16. c3 Nd5 {[%cal Bb4d5,Bd5b6,Bb6c4][%mdl 32]} 17. Qd4 (17. Bc1 $11) 17... Be6 18. Bd2 Nb6 $36 {[%mdl 2048] White is under pressure.} 19. Qxd8 Rfxd8 (19... Raxd8 {keeps more tension.} 20. Nd4 Bc5 21. Be3 Bc4 22. Kf2 a5) 20. Nd4 Bc5 21. a5 Nc4 22. Bxc4 $1 Bxc4 23. Rfe1 Bd3 24. Be3 Rd5 25. b4 Bf8 26. e6 f5 27. Rac1 Bc4 28. g4 fxg4 29. Bf2 Bd3 30. c4 {[#]} Rxd4 $1 {[%mdl 512]} 31. Bxd4 $11 {The position is equal.} Bxb4 {[%mdl 64] Double Attack} 32. Rb1 $1 {[%cal Rb1b4]} Bxe1 33. Rxb7 e3 {Threatens to win with ...Bf2+.} 34. Rxg7+ Kf8 35. Rf7+ $1 Kg8 36. Rg7+ Kf8 37. Rf7+ $1 Ke8 38. Bc5 $1 {[%csl Gc5][%cal Rf7f8] [#]} Bf2+ 39. Kg2 {[%csl Gc5][%cal Rf7f8]} Be4+ 40. Kf1 {[%csl Gc5][%cal Rf7f8]} Bd3+ 41. Kg2 {[%csl Gc5][%cal Rf7f8]} Be4+ 42. Kf1 {[%csl Gc5][%cal Rf7f8]} Kd8 43. Bd6 {[%cal Rf7f8]} Bc6 44. Bc7+ Kc8 {Strongly threatening ...Kb7.} 45. Bd6 {Rc7+ is the strong threat.} Ba4 46. a6 {Threatening mate with Rf8+.} Kd8 {Black wants to play ...Rc8.} 47. Bc7+ Ke8 {White must now prevent ...Bb3.} 48. Bd6 {[%csl Gd6][%cal Rf7f8]} Kd8 {White should prevent ...Rc8.} 49. Bc7+ {Accuracy: White = 77%, Black = 78%.} 1/2-1/2

[Event "19th Prague Open-A 2020"]
[Site "Prague"]
[Date "2020.01.14"]
[Round "6.5"]
[White "Lalic, Bogdan"]
[Black "Sharma Isha"]
[Result "1/2-1/2"]
[WhiteElo "2402"]
[BlackElo "2169"]
[Annotator "TA"]
[PlyCount "35"]
[EventDate "2020.01.10"]
[EventType "swiss"]
[EventCountry "CZE"]
[SourceTitle "playchess.com"]
[Source "ChessBase"]
[SourceQuality "1"]

{[%evp 18,25,63,48,59,61,75,67,105,97]} 1. d4 Nf6 2. c4 d6 3. Nc3 e5 4. Nf3 Nbd7 5. e4 g6 6. Be2 Bg7 7. O-O O-O 8. Be3 Qe7 9. Qc2 c6 10. Rfe1 Ng4 {E94: King's Indian: Classical: 6 Be2 e5 7 0-0: Various Black 7th moves} 11. Bg5 f6 {[#]} 12. Bh4 $1 h5 13. h3 {Predecessor:} Nh6 $146 14. Rad1 Nf7 15. Bg3 Kh7 16. Nh4 Bh6 17. f4 exf4 18. e5 {1-0 (27) Shulman,Y (2568)-Ginsburg,M (2400) Las Vegas 2001} 1/2-1/2

[Event "19th Prague Open-A 2020"]
[Site "Prague"]
[Date "2020.01.14"]
[Round "6.6"]
[White "Peng, Hongchi"]
[Black "Vignesh B"]
[Result "1/2-1/2"]
[WhiteElo "2362"]
[BlackElo "1912"]
[Annotator "TA"]
[PlyCount "84"]
[EventDate "2020.01.10"]
[EventType "swiss"]
[EventCountry "CZE"]
[SourceTitle "playchess.com"]
[Source "ChessBase"]
[SourceQuality "1"]

{[%evp 17,84,35,42,0,115,101,109,105,131,131,145,140,122,136,147,125,131,124,236,225,210,114,114,114,114,115,115,115,115,115,115,112,117,95,98,87,98,98,98,98,98,91,91,91,90,86,87,91,125,125,114,84,85,83,88,8,8,8,8,8,12,8,59,0,0,0,0,0,0]} 1. d4 Nf6 2. c4 e6 3. Nc3 Bb4 4. f3 c5 5. d5 b5 6. e4 bxc4 7. Bxc4 Nxd5 8. Bxd5 exd5 9. Qxd5 Nc6 10. Be3 {E20: Nimzo-Indian: 4 g3 and 4 f3} (10. Nge2 Ba6 11. a3 Bxc3+ 12. Nxc3 Qb6 13. Rb1 O-O 14. Kf2 Nd4 15. Na4 Qb5 16. Nc3 Qb6 17. Na4 Qb5 18. Nxc5 Rac8 19. Qxd4 Rxc5 {1-0 (33) Nigalidze,G (2508)-Shagbazyan,T (2412) Tbilisi 2019}) 10... Qa5 (10... Ba6 $11 {remains equal.}) 11. Nge2 $16 Ba6 12. Kf2 {White is better.} Rb8 {next ...Bxc3 is good for Black.} 13. Rab1 O-O 14. a3 ({Worse is} 14. Qxd7 Ne5 $15) 14... Bxc3 15. Nxc3 Rfe8 16. Rhd1 ({Much worse is} 16. Qxd7 $6 Ne5 $11) 16... Ne5 {[#] White should prevent ...Bc4.} 17. b4 $1 {[%mdl 512]} Qc7 $146 (17... Qd8 $16) (17... cxb4 18. Qxa5) ({Predecessor:} 17... Qd8 18. Bxc5 Qf6 19. Bd4 {0-1 (37) Cameron,A (2102)-Lee,Q (2297) Adelaide 2018}) 18. Bxc5 Nc4 19. b5 (19. Bd4 $18) 19... Nxa3 20. bxa6 Nxb1 21. Rxb1 ({Don't go for} 21. Nxb1 $2 Re5 $19) 21... Rxb1 22. Nxb1 Rc8 23. Be3 Qxh2 24. Qxd7 {[%cal Rd7c8] [#]} Qc7 25. Qxc7 (25. Qd5 {is more complex.} Qc6 26. Qa5 Qc7 27. Qb4 Qc6 28. Qa3) 25... Rxc7 26. Nd2 Rc2 27. Ke2 Ra2 28. Bxa7 Rxa6 29. Be3 f6 30. f4 Kf7 31. Nb3 Ra3 32. Nc5 g5 33. fxg5 fxg5 34. g4 Kg6 35. Ne6 h6 36. Nf8+ (36. e5 $16) 36... Kf7 $1 $11 {White must now prevent ...Ra2+.} 37. Nd7 Ke6 38. Nb6 Ra2+ 39. Kf3 Rh2 (39... Ra7 $1 $11) 40. Nc4 (40. Bf2 $14) 40... Rh3+ $1 {The position is equal.} 41. Kg2 Rh4 42. Kf3 Rh3+ {Accuracy: White = 65%, Black = 56%.} 1/2-1/2

[Event "19th Prague Open-A 2020"]
[Site "Prague"]
[Date "2020.01.14"]
[Round "6.7"]
[White "Svanda, Ondrej"]
[Black "Laxman, R.R."]
[Result "1/2-1/2"]
[WhiteElo "2257"]
[BlackElo "2441"]
[Annotator "TA"]
[PlyCount "44"]
[EventDate "2020.01.10"]
[EventType "swiss"]
[EventCountry "CZE"]
[SourceTitle "playchess.com"]
[Source "ChessBase"]
[SourceQuality "1"]

{[%evp 21,44,45,45,41,52,17,43,33,60,22,75,75,85,81,79,20,110,19,36,36,25,33,67,61,43]} 1. e4 e5 2. Nf3 Nc6 3. Bb5 a6 4. Ba4 Nf6 5. O-O Be7 6. d3 d6 7. c3 O-O 8. Re1 b5 9. Bc2 d5 10. Nbd2 Bg4 11. h3 Bh5 12. a4 {C87: Closed Ruy Lopez: Steinitz-type lines after 6 Re1 d6} (12. Qe2 Re8 13. Nf1 d4 14. g4 Bg6 15. Ng3 Bc5 16. Kh2 Qb8 17. Bg5 Nd7 18. h4 h6 19. h5 Bh7 {1-0 (43) Wei,Y (2727)-Xu,Z (2373) China 2017}) 12... b4 13. Bb3 $146 ({Predecessor:} 13. g4 Bg6 14. a5 bxc3 15. bxc3 Bd6 {0-1 (55) Havasi,G (2367)-Banusz,T (2621) Zalakaros 2016}) 13... dxe4 14. dxe4 Rb8 15. Bc4 Nd7 (15... Na5 $11) 16. Bxa6 $16 {Black must now prevent Bb5.} bxc3 17. bxc3 Na5 18. Qe2 (18. Bf1 $16) 18... Nc5 (18... f6 $11 {remains equal.}) 19. Ba3 (19. g4 $16 Qd6 20. Ba3 (20. gxh5 Nxa6 21. Nc4 Nxc4 $16)) 19... Ne6 20. Bxe7 Qxe7 21. Qe3 Nc5 22. Bf1 Bxf3 {Accuracy: White = 45%, Black = 30%.} 1/2-1/2